000
00319 a2200157 4500
001
182103
020
_a
978-85-08-12594-4
040
_c
Magnum
100
_a
Azevedo, Aluísio
240
1
0
_a
O cortiço
_l
por
245
1
0
_a
O cortiço
300
_a
247
362
0
_a
2009
697
_a
LITERATURA GERAL
942
_c
BK
999
_c
182103
_d
182103